=LDR 00000nam 2200000 4500 =001 INLIS000000000050783 =005 20170524081327 =035 ##$$a 0010-0517000436 =007 ta =008 170524###########################0###### =020 ##$$a 979-8541-28-6 =082 ##$$a 338.405 =084 ##$$a 338.405 MUN m =100 #$$a Munawar Ahmad =245 1#$$a Manajemen Lalulintas Perkotaan /$c Munawar, Ahmad =260 ##$$a Jogjakarta :$b Beta Offset,$c 2004 =300 ##$$a 220 hlm : $b Ilus ; $c 24 cm =990 ##$$a 86508650 =990 ##$$a 01201708650